000 00213nam a22001097a 4500
082 _a297.7GRU
100 _aGrube J E
245 _aIslamic pottery
260 _aLondon
_bFiber
_c1976
300 _a378
942 _cBK
999 _c12257
_d12257